| 000 | 00695nam a2200217 a 4500 | ||
|---|---|---|---|
| 005 | 20240210063600.0 | ||
| 008 | 991125s1989 mx 000 0 spa u | ||
| 020 | _a968390260X | ||
| 035 | _aUPN01000000793 | ||
| 049 | _aI | ||
| 050 | 4 |
_aPN6366 _bA3.4 |
|
| 245 | 0 | 0 |
_aAdivinanzas indígenas / _crecopilación Elisa Ramírez ; il. Maximino Javier. |
| 260 |
_aMéxico : _bPatria : _bSEP, Unidad de Publicaciones Educativas, _c1989. |
||
| 300 |
_a31 p. : _bprincipalmente il. |
||
| 440 | 0 |
_aLibros del rincón. _pChipichipi |
|
| 650 | 4 |
_aAdivinanzas _9114 |
|
| 650 | 4 |
_aFolklore indígena _917203 |
|
| 700 | 1 |
_aRamírez, Elisa, _ecomp. _943109 |
|
| 700 | 1 |
_aJavier, Maximino, _eil. |
|
| 905 | _aInfantil | ||
| 999 |
_c793 _d793 |
||